| 000 | 01098nam0a22002531 4500 | ||
|---|---|---|---|
| 001 | rc\957290 | ||
| 005 | 20260407130809.0 | ||
| 035 | _a(NLR Aleph) 006127919 | ||
| 090 |
_a5530323 _c5530323 |
||
| 100 | _a20041129d1982 |||y0rusy50 ca | ||
| 101 | 0 | _arus | |
| 102 | _aRU | ||
| 105 | _ay ||||||||| | ||
| 200 | 1 |
_aРомантические традиции американской литературы XIX века и современность _e[Сб. статей] _fАН СССР, Ин-т мировой лит. им. А.М. Горького _g[Редколлегия: Я.Н. Засурский (отв. ред.) и др.] |
|
| 210 |
_aМ. _cНаука _d1982 |
||
| 215 |
_a351 с. _d20 |
||
| 702 | 1 |
_4340 _8rus _7ca _aЗасурский _bЯ. Н. _f1929-2021 _gЯсен Николаевич _3RU\NLR\AUTH\775819 _9115778 |
|
| 712 | 0 | 2 |
_aИнститут мировой литературы им. А. М. Горького _cМосква _3RU\NLR\AUTH\889978472 _9453490 |
| 801 | 0 |
_aRU _bNLR _gpsbo |
|
| 801 | 1 |
_aRU _bELAR _2rusmarc |
|
| 852 |
_aNLR _j83-3/3629 |
||
| 942 | _cBOOK | ||
| 980 | _aNB | ||